| 000 | 00791nmc a2200277 a 4500 | ||
|---|---|---|---|
| 003 | AR-BaBNM | ||
| 005 | 20251128203344.0 | ||
| 008 | 037019s1957 ||||||||||||||000 | spa|| | ||
| 040 | _cAR-BaBNM | ||
| 100 | 1 | _aKrug, Edward A. | |
| 245 | 1 | 0 | _aCurriculum planning |
| 260 |
_aNew York _bHarper & Brothers _c1957 |
||
| 300 | 1 | _axiv, 336 p. | |
| 490 | 0 | _aEducation for living | |
| 504 | _aContiene bibliografĂa al final de cada capĂtulo | ||
| 650 | 4 | _aCURRICULO | |
| 650 | 4 | _aPLANIFICACION DEL CURRICULO | |
| 650 | 4 | _aOBJETIVOS EDUCACIONALES | |
| 650 | 4 | _aINVESTIGACION SOBRE EL CURRICULO | |
| 650 | 4 | _aCENTROS DE ESTUDIO DEL CURRICULO | |
| 651 | 4 | _aEstados Unidos | |
| 700 | 1 |
_aRemmers, H.H. _eprologuista |
|
| 800 | 1 |
_aRemmers, H.H. _eeditor |
|
| 942 | _cBK | ||
| 998 | _cSILVI | ||
| 999 |
_c3024 _d3024 |
||